heahoparasites in dog at msarkrang commune stoung district, kampong thom province បរាសិតក្នុងឈាមសុនខនៅឃុំម្សាក្រង ស្រុកស្ទោង ខេត្តកំពង់ធំ (Record no. 18334)

000 -LEADER
fixed length control field 00620nam a22001337a 4500
040 ## - CATALOGING SOURCE
Transcribing agency RUA
082 ## - DEWEY DECIMAL CLASSIFICATION NUMBER
Classification number AVM HEA 2018 B649 Or.1
100 ## - MAIN ENTRY--AUTHOR NAME
Personal name HEAB SOPHEA ហ៊ាប សុភា
245 ## - TITLE STATEMENT
Title heahoparasites in dog at msarkrang commune stoung district, kampong thom province បរាសិតក្នុងឈាមសុនខនៅឃុំម្សាក្រង ស្រុកស្ទោង ខេត្តកំពង់ធំ
260 ## - PUBLICATION, DISTRIBUTION, ETC. (IMPRINT)
Place of publication RUA
Name of publisher Phnom penh
Year of publication 2018
300 ## - PHYSICAL DESCRIPTION
Number of Pages x;44p
Other physical details ill;
Dimensions 29cm
856 ## - ELECTRONIC LOCATION AND ACCESS
Uniform Resource Identifier https://drive.google.com/file/d/1uHeVQuXhHxP0-D8UP5efgVk_MqxfLX8i/view?usp=sharing
942 ## - ADDED ENTRY ELEMENTS (KOHA)
Koha item type AVM
952 ## - LOCATION AND ITEM INFORMATION (KOHA)
Withdrawn status [LOCAL, KOHA] 0
952 ## - LOCATION AND ITEM INFORMATION (KOHA)
Withdrawn status [LOCAL, KOHA] 0
952 ## - LOCATION AND ITEM INFORMATION (KOHA)
Withdrawn status [LOCAL, KOHA] 0
952 ## - LOCATION AND ITEM INFORMATION (KOHA)
Withdrawn status [LOCAL, KOHA] 0
952 ## - LOCATION AND ITEM INFORMATION (KOHA)
Withdrawn status [LOCAL, KOHA] 0
952 ## - LOCATION AND ITEM INFORMATION (KOHA)
Withdrawn status [LOCAL, KOHA] 0
Holdings
Koha item type Barcode Lost status Permanent Location Current Location Date acquired Full call number
AVMA42567 Library Block CLibrary Block C2019-10-28AVM HEA 2018 B649 Or.1
AVMA43526 Library Block CLibrary Block C2019-10-28AVM HEA 2018 B649 Or.2
AVMA43695 Library Block CLibrary Block C2019-10-28AVM HEA 2018 B649 Or.3
AVMA42357 Library Block CLibrary Block C2019-10-28AVM HEA 2018 B649 Or.4
AVMA43312 Library Block CLibrary Block C2019-10-28AVM HEA 2018 B649 Or.5
AVMA42924 Library Block CLibrary Block C2019-10-28AVM HEA 2018 B649 Or.6
មជ្ឈមណ្ឌលឯការនៃសាកលវិទ្យាល័យភូមិន្ទកសិកម្មចំការដូង

Powered by Koha